| 000 | 01174aam a2200469a 44500 | ||
|---|---|---|---|
| 008 | 101228s2010 fre | ||
| 020 | _a9782550602958 | ||
| 041 | _afre | ||
| 041 | _bcat | ||
| 041 | _beng | ||
| 041 | _bglg | ||
| 041 | _bita | ||
| 041 | _bpor | ||
| 041 | _brum | ||
| 041 | _bspa | ||
| 080 | _a651.2(038) | ||
| 245 | _aVocabulaire panlatin des articles de bureau | ||
| 260 | _aMontréal | ||
| 260 | _aQuébec | ||
| 260 | _bOffice québécois de la langue française | ||
| 260 | _bRealiter | ||
| 260 | _c2010 | ||
| 300 |
_a42 p. _c23 cm |
||
| 500 | _aCategoria gramatical, sinònims | ||
| 500 | _aÍndexs | ||
| 500 | _btermcat | ||
| 520 | _a47 | ||
| 546 | _afrancès | ||
| 591 | _a10295 | ||
| 592 | _aObra terminològica | ||
| 593 | _aNOC | ||
| 594 | _a10295 | ||
| 650 |
_amaterial d'oficina _961320 |
||
| 856 | _uhttps://www.oqlf.gouv.qc.ca/ressources/bibliotheque/dictionnaires/panlatin_articles_bureau_20101126.pdf | ||
| 901 | _c<2010> | ||
| 902 | _a101228 | ||
| 942 |
_cMO _n0 _2ddc |
||
| 999 |
_c65640 _d65640 |
||